Представление документа в формате RUSMARC

ПолеНазваниеЗначение
  Тип записи a
  Библиографический уровень m
001 Контрольный номер RU/SLIB/B/208711679
005 Дата корректировки 20241105113057.5
010 Индекс ISBN __
d Цена 157-60
101 Язык документа 0_
a Язык текста rus
c Язык оригинала eng
200 Заглавие и сведения об ответственности 1_
a Заглавие Экономика
e Сведения, относящиеся к заглавию учеб. пособие
f Первые сведения об ответственности Самуэльсон П. А., Нордхаус В. Д. ; пер. с англ., под ред. Л. С. Тарасевича, А. И. Леусского
b Общее обозначение материала Текст
205 Сведения об издании __
a Основные сведения об издании 15 изд.
210 Выходные данные 1_
a Место издания М.
c Издательство Бином
d Дата издания 1999
215 Физическое описание __
a Объем 800 с.
606 Тематические рубрики __
a Основная рубрика Экономика
606 Тематические рубрики __
a Основная рубрика Общая экономическая теория
610 Ключевые слова 0_
a Ключевые слова экономические науки; отношения собственности; предпринимательская деятельность; экономические блага; затраты; экономические риски; хозяйственная деятельность; микроэкономика; потребительский выбор; монополистическая конкуренция; рыночное равновесие; общественное воспроизводство; экономическое равновесие; потребление; сбережения; инвестиции; инфляция; безработица; денежный рынок; переходная экономика
686 Индексы других классификаций __
2 Код системы rubbks
a Классификационный индекс 65.01я73; ст65я73
700 Автор _1
a Фамилия Самуэльсон
b Имя П. А.
4 Код отношения 070
702 Вторичная интеллектуальная ответственность _1
a Фамилия Нордхаус
b Имя В. Д.
4 Код отношения Автор
4 Код отношения 070
702 Вторичная интеллектуальная ответственность _1
a Фамилия Тарасевич
b Имя Л. С.
4 Код отношения Переводчик
4 Код отношения 730
4 Код отношения 340
702 Вторичная интеллектуальная ответственность _1
a Фамилия Леусский
b Имя А. И.
4 Код отношения Переводчик
4 Код отношения 730
4 Код отношения 340
801 Источник записи _0
a Страна RU
b Организация Муниципальное бюджетное учреждение культуры "Централизованная библиотечная система" г. Сургут (Центральная городская библиотека им. А. С. Пушкина)
g Правила каталогизации ОБ/Бутенко
801 Источник записи _1
a Страна RU
b Организация Муниципальное бюджетное учреждение культуры "Централизованная библиотечная система" г. Сургут (Центральная городская библиотека им. А. С. Пушкина)
g Правила каталогизации ОБ/Бутенко
852 Данные о местонахождении __
j Шифр хранения 65.01я73
c Каталожный индекс 65.01я73
i Авторский знак С 17
p Инвентарный номер 73187
901 Тип документа __
t Тип документа m
903 Характеристики (МАРС) __
a Дата передачи 19990902
969 Тип издания __
a Тип издания учебное пособие
990 Данные о заказе (DOS) 00
j Количество экземпляров (DOS) 3
t N записи в КСУ для И/У (DOS) 199901